Soulet, Jean-François. Histoire comparée des États communistes de 1945 à nos jours. - Paris : Colin. - 1996 [Rezension]

Titel: Soulet, Jean-François. Histoire comparée des États communistes de 1945 à nos jours. - Paris : Colin. - 1996 [Rezension]
Verfasser:
In: Revue historique, Band 121 / 297, Heft 602 (1997), Seite 603-606
alle Artikel anzeigen
Veröffentlicht: 1997
Format: Aufsatz
Sprache: Französisch
Kein Bild verfügbar
X
alg: 39504661
001A    $01999:12-11-16 
001B    $01999:01-06-17 $t18:17:49.000 
001D    $01999:12-11-16 
001U    $0utf8 
001X    $00 
002@    $0Aox 
003@    $0395046610 
007A    $0395046610 $aHEB 
007T    $0Herd07343 
010@    $afre 
011@    $a1997 
021A    $aSoulet, Jean-François. Histoire comparée des États communistes de 1945 à nos jours. - Paris : Colin. -  1996 [Rezension] 
028A    $aBarral $dPierre 
031A    $d121 / 297 $e602 $h603-606 $j1997 
039B    $aIn $8--Abvc--. Revue historique. - Paris : Presses Univ. de France, 1876-. - ISSN 0035-3264 $x199700001210602397 $9047310693 
039T    $8--Aau--Soulet, Jean-François [Tnx]. Histoire comparée des États communistes de 1945 à nos jours. - Paris : Colin, 1996. - 405 S.. - ISBN 2-200-01465-1 $9059216395 
045T    $a8 

lok: 39504661 78

exp: 39504661 78 1 #EPN
201B/01 $018-11-16 $t13:34:56.000 
201U/01 $0utf8 
203@/01 $079134522X 
208@/01 $a12-11-16 $be 
209A/01 $a/ $f000 $x00 
220C/01 $aTitelaufnehmer: nk 
244Z/01 $2Trx $#arvustused $#recenzijos $#Reviews $#recenziók $#recenzje $#recenzie $#recenze $8--Trx--Rezensionen $x01 $9391357441 
247C/01 $82080>Marburg/Lahn, Herder-Institut, Forschungsbibliothek, Bibliographieportal $9336309341
LEADER 00000caa a22000002c 4500
001 395046610
003 DE-603
005 20170601181749.0
007 tu
008 161112s1997 xx |||| | u00||u|fre c
035 |a (DE-599)HEB395046610 
040 |a DE-603  |b ger  |c DE-603  |d DE-603 
041 |a fre 
084 |a 8  |2 ssgn 
100 1 |a Barral, Pierre 
245 0 0 |a Soulet, Jean-François. Histoire comparée des États communistes de 1945 à nos jours. - Paris : Colin. - 1996 [Rezension] 
264 0 |c 1997 
773 0 8 |i In  |t Revue historique  |d Paris : Presses Univ. de France, 1876-  |x 0035-3264  |g Band 121 / 297, Heft 602 (1997), Seite 603-606  |w (DE-603)047310693  |w (DE-600)209825-8 
787 0 8 |i Rezension von  |a Soulet, Jean-François  |t Histoire comparée des États communistes de 1945 à nos jours  |d Paris : Colin, 1996  |h 405 S.  |z 2200014651  |w (DE-603)059216395 
924 0 |9 2080  |a (DE-603)79134522X  |b DE-2080  |c HES  |d d  |g /